00555cam a22001937a 4500003000500000005001700005008004100022010001000063011001000073035001000083040000900093100002100102245008400123260003900207300001900246502005900265650002200324650001500346CHAP20220329140035.0971013s1945 r 00010 d a46062 a47034 a51175 cCHAP00aSalazar, Carlos.13aLa raíz de zacatónb: explotación cultivo, industrialización y comercio aChapingo, Méx. ; El autor,c1945 a75 p.b: ilus. aTesis (Ing. Agr. Esp. en Industrias Agrícolas) --ENA14aFibras vegetales.14aZacatón.